000 01129nam a2200289 i 4500
001 18172
003 ES-MaACL
005 20250628063303.0
007 t|
008 011003s1972 sp ||||1| spa d
080 _a338.45(460)
100 1 _aMiguel, Amando de.
_981000
_eaut
245 1 0 _aDinámica del desarrollo industrial de las regiones españolas /
_cAmando de Miguel, Juan Salcedo ; con la colaboración de Jaime Martín Moreno ... [et al.] ; prólogo de Román Perpiñá y Grau
260 _aMadrid :
_bTecnos,
_c[1972]
300 _a337 páginas ;
_c24 cm.
490 1 _aSemilla y surco.
_pSerie de sociología
_9180377
650 1 4 _aDesarrollo industrial-
_zEspaña.
_911807
700 1 _aSalcedo, Juan.
_9101843
_eaut
700 1 _aPerpiñá, Román.
_991329
_eaui
700 1 _aMartín Moreno, Jaime.
_977578
_eclb
830 0 _aSemilla y surco.
_pSerie de sociología
_9180377
852 _aES-MaACL
_jAND-111
_bR.109497
_cDEPO2
852 _aES-MaACL
_jC-42206
_bR.80731
_cDEPO2
_hBiblioteca Juan Andrade
942 _2udc
_cMONOGRAFIA
_n0
999 _c18172
_d18172